| 000 | 00368nam a22001457a 4500 | ||
|---|---|---|---|
| 020 | _a978-1-84715-087-5 | ||
| 082 |
_a823 _bWEB/B |
||
| 245 |
_aBUTTONS THE RUNAWAY PUPPY _bSHORT STORY |
||
| 246 |
_aBUTTONS THE RUNAWAY PUPPY _bSHORT STORY |
||
| 260 |
_aLONDON _bSTRIPES PUBLISHING _c2009 |
||
| 300 | _a128 | ||
| 520 | _aSHORT STORY | ||
| 650 | _aSHORT STORY | ||
| 942 | _cBK | ||
| 999 |
_c2035 _d2035 |
||